00496nas a2200169 450000100100000000500170001000800410002704000250006804300090009324500430010226000510014530000240019631000120022036200250023250000520025799900170030900003740020200930080337.0120402c20069999dr mr1p dd 0 0spa d aDO-SdBNPbspacBNPHU anwdr00aUrbanita ultilitaria unisex utópica. aSanto Domingo :bAsalvo Comunicación,c2006. av. :bil. ;c20 cm. aMensual1 aNo. 6 (obtubre 2006) aCatalogación basada en : No. 6 (obtubre 2006) c36890d36890